00637nam a22002057a 4500003000400000008004100004082001700045100002500062245005600087260006800143300001000211502001700221650001700238650001100255650001100266650001100277942001100288999001700299952011500316OSt260430b |||||||| |||| 00| 0 eng d a633.33bS48S aSinha, Bipin Bihari. aStability Analysis in Cowpeacby Bipin Bihari Sinha a.- Sabour, Bhagalpurb: Bihar Agricultural College, RAUc, 1997 a125p. bPh. D.d1997 aHorticulture aCowpea aThesis aPh. D. 2ddccT c50334d50334 00102ddc4070aRAUbRAUd2026-04-30eby Authorg0.00l0o633.33 S48Sp46850r2026-04-30w2026-04-30yTkGift